| 000 | 00653nam a2200169 i 4500 | ||
|---|---|---|---|
| 001 | 164178 | ||
| 003 | ES-MaACL | ||
| 005 | 20240424063058.0 | ||
| 008 | 991119s1900 sp |||| | spa d | ||
| 040 |
_aCCPB | B _bspa _cCCPB | B |
||
| 100 | 1 |
_aRuimar, Cándido, _dn. 1862 _9100866 |
|
| 245 | 1 | 0 |
_aBotones de fuego _b: sonetos inspirados en la guerra hispano-americana / _cCándido Ruiz Martínez. |
| 260 |
_aMadrid : _b[s.n.], _c1900 ( _fEst. tipográfico de Ricardo Fé) |
||
| 300 |
_a54 p. ; _c19 cm. |
||
| 852 |
_aES-MaACL _jT-1014-F-5 _z-- Enc. hol., conservando la cub. original _z-- Enc. en un vol. facticio |
||
| 999 |
_c164178 _d164178 |
||